000
00338nam a2200157Ia 4500
100
_a
Kogent Learning solutions
650
_a
Internet
942
_c
BK
366
_f
20
245
_a
Internet technologies
260
_b
Dreamtech Press
_c
2013
082
_a
4.65
_b
KOG
300
_a
172
546
_a
ENGLISH
_c
electronics
999
_c
28163
_d
28163